[Event "Cto. España CECLUB 1ª División B"]
[Site "Barberá del Vallés (ESP)"]
[Date "2009.08.13"]
[Round "3.2"]
[White "Postny, Evgeny"]
[Black "Almagro Llanas, Pablo"]
[Result "1-0"]
[WhiteElo "2647"]
[BlackElo "2481"]
[PlyCount "79"]
[EventDate "2009.08.11"]
[EventType "team"]
[EventRounds "3"]
[EventCountry "ESP"]
[Source "Arranz, Pablo"]
[SourceDate "2009.08.11"]
[WhiteTeam "Club Escacs Barbera"]
[BlackTeam "Afronta Consultoría V. Atocha"]
[WhiteTeamCountry "ESP"]
[BlackTeamCountry "ESP"]

1. d4 d5 2. c4 c6 3. Nc3 Nf6 4. e3 a6 5. Qc2 g6 6. Nf3 Bg7 7. Bd3 O-O 8. O-O
Nbd7 9. cxd5 cxd5 10. Bd2 b6 11. Qb3 Bb7 12. Rfc1 e5 13. dxe5 Nc5 14. exf6 Nxb3
15. fxg7 Nxd2 16. gxf8=Q+ Kxf8 17. Nxd2 d4 18. exd4 Bxg2 19. Kxg2 Qg5+ 20. Kf1
Qxd2 21. Rd1 Qf4 22. h3 Rd8 23. d5 b5 24. a3 Rd6 25. Rac1 g5 26. Be4 g4 27.
hxg4 Qxg4 28. Rd3 f5 29. Bf3 Qc4 30. Rcd1 h5 31. Ne2 h4 32. Nd4 h3 33. b3 Qc8
34. Ne6+ Ke7 35. Re1 Kf6 36. Nf4 h2 37. Kg2 Qh8 38. Rde3 Kg5 39. Nh3+ Kh4 40.
Re4+ 1-0

[Event "Cto. España CECLUB 1ª División B"]
[Site "Barberá del Vallés (ESP)"]
[Date "2009.08.13"]
[Round "3.2"]
[White "Rubio Mejia, Luis Igancio"]
[Black "Lemos, Damian"]
[Result "0-1"]
[WhiteElo "2371"]
[BlackElo "2547"]
[PlyCount "102"]
[EventDate "2009.08.11"]
[EventType "team"]
[EventRounds "3"]
[EventCountry "ESP"]
[Source "Arranz, Pablo"]
[SourceDate "2009.08.11"]
[WhiteTeam "Afronta Consultoría V. Atocha"]
[BlackTeam "Club Escacs Barbera"]
[WhiteTeamCountry "ESP"]
[BlackTeamCountry "ESP"]

1. d4 d5 2. c4 c6 3. Nc3 Nf6 4. e3 e6 5. Nf3 Nbd7 6. Qc2 Bd6 7. Be2 O-O 8. b3
b6 9. O-O Bb7 10. Bb2 Qe7 11. e4 dxe4 12. Nxe4 Nxe4 13. Qxe4 Rad8 14. Rfe1 Rfe8
15. Rad1 Bb4 16. Rf1 Ba3 17. Qc2 Bxb2 18. Qxb2 c5 19. Rfe1 Qf6 20. Qa1 Bxf3 21.
Bxf3 cxd4 22. Qxd4 Qxd4 23. Rxd4 Ne5 24. Red1 Rxd4 25. Rxd4 f5 26. Be2 g5 27.
Kf1 Kf8 28. Ke1 Ke7 29. a3 Rc8 30. Kd2 a5 31. Kc3 h6 32. b4 Ra8 33. Kb3 Nc6 34.
Rd2 Ne5 35. Rd1 Ra7 36. Rd2 g4 37. f4 gxf3 38. Bxf3 axb4 39. axb4 Ra3+ 40. Kxa3
Nxc4+ 41. Ka4 Nxd2 42. Be2 Ne4 43. Bd3 Nd6 44. Kb3 e5 45. Kc3 Ke6 46. g3 Kd5
47. Bf1 Ke4 48. Kd2 Kf3 49. Ke1 Ke3 50. Be2 Ne4 51. Bc4 Nd2 0-1

[Event "Cto. España CECLUB 1ª División B"]
[Site "Barberá del Vallés (ESP)"]
[Date "2009.08.13"]
[Round "3.2"]
[White "Asis Gargatagli, Hipolit"]
[Black "Rabadan, Velasco Raul"]
[Result "1-0"]
[WhiteElo "2439"]
[BlackElo "2328"]
[PlyCount "76"]
[EventDate "2009.08.11"]
[EventType "team"]
[EventRounds "3"]
[EventCountry "ESP"]
[Source "Arranz, Pablo"]
[SourceDate "2009.08.11"]
[WhiteTeam "Club Escacs Barbera"]
[BlackTeam "Afronta Consultoría V. Atocha"]
[WhiteTeamCountry "ESP"]
[BlackTeamCountry "ESP"]

1. d4 Nf6 2. c4 c5 3. d5 e5 4. Nc3 d6 5. e4 Nbd7 6. g3 Be7 7. Bg2 a6 8. a4 h5
9. Nf3 Nf8 10. a5 Ng6 11. Qd3 h4 12. Bd2 hxg3 13. hxg3 Rxh1+ 14. Bxh1 b6 15.
axb6 Qxb6 16. Na4 Qb7 17. Nh2 Nd7 18. Bf3 Nb6 19. Bd1 Bd7 20. Nxb6 Qxb6 21. Nf1
Bd8 22. Qa3 Rb8 23. Bc3 Bc8 24. Ne3 Ne7 25. Bg4 Bxg4 26. Nxg4 a5 27. Qa4+ Kf8
28. Ne3 Qb7 29. Ke2 Qc8 30. Rh1 Ng8 31. Nf5 Qc7 32. Rh7 Bf6 33. Kf3 Ra8 34. Qb5
g6 35. Nxd6 Bg7 36. Bxe5 f6 37. Ne8 Qxe5 38. Nxg7 a4 1-0

[Event "Cto. España CECLUB 1ª División B"]
[Site "Barberá del Vallés (ESP)"]
[Date "2009.08.13"]
[Round "3.2"]
[White "Anton Guijarro, David"]
[Black "Alonso Moyano, Jonathan"]
[Result "1/2-1/2"]
[WhiteElo "2265"]
[BlackElo "2365"]
[PlyCount "126"]
[EventDate "2009.08.11"]
[EventType "team"]
[EventRounds "3"]
[EventCountry "ESP"]
[Source "Arranz, Pablo"]
[SourceDate "2009.08.11"]
[WhiteTeam "Afronta Consultoría V. Atocha"]
[BlackTeam "Club Escacs Barbera"]
[WhiteTeamCountry "ESP"]
[BlackTeamCountry "ESP"]

1. d4 f5 2. Nc3 d5 3. Bf4 c6 4. e3 Nd7 5. Bd3 e6 6. Nf3 g6 7. h4 Nh6 8. h5 Nf7
9. hxg6 hxg6 10. Rxh8 Nxh8 11. Kd2 Nf7 12. Qh1 Qf6 13. Qh7 g5 14. Bg3 Bh6 15.
Rh1 Nf8 16. Qg8 Qg6 17. Qxg6 Nxg6 18. Ne5 Ngxe5 19. Bxe5 Ke7 20. Ne2 Bd7 21. f4
Rg8 22. g3 gxf4 23. Bxf4 Bg7 24. Rh7 Kf6 25. Rh5 Rh8 26. Rxh8 Bxh8 27. c3 e5
28. dxe5+ Nxe5 29. Bc2 c5 30. Ng1 Ke6 31. Bd1 a5 32. Nf3 Nc4+ 33. Kc1 a4 34. b3
axb3 35. axb3 Na3 36. b4 b6 37. bxc5 bxc5 38. Nh4 Bxc3 39. g4 fxg4 40. Bxg4+
Ke7 41. Bg5+ Kd6 42. Bf4+ Kc6 43. Bf3 Be6 44. Ng6 Kb5 45. Ne7 Kc4 46. Be2+ Kb3
47. Bd1+ Ka2 48. Bf3 Bb2+ 49. Kd2 d4 50. exd4 Bxd4 51. Ke2 Bb3 52. Be3 Nc2 53.
Bxd4 Nxd4+ 54. Ke3 Nxf3 55. Kxf3 Be6 56. Ke3 Kb2 57. Nc6 c4 58. Nd4 Bd7 59. Kd2
c3+ 60. Kd3 Bc8 61. Kc4 Ba6+ 62. Kb4 Bf1 63. Ka4 c2 1/2-1/2

[Event "Cto. España CECLUB 1ª División Grupo A"]
[Site "Barberá del Vallés (ESP)"]
[Date "2009.08.11"]
[Round "1.1"]
[White "Peralta, Fernando"]
[Black "Burmakin, Vladimir"]
[Result "1/2-1/2"]
[WhiteElo "2574"]
[BlackElo "2627"]
[PlyCount "29"]
[EventDate "2009.08.11"]
[EventType "team"]
[EventRounds "3"]
[EventCountry "ESP"]
[Source "Arranz, Pablo"]
[SourceDate "2009.08.11"]
[WhiteTeam "Cerdanyolas del Valles"]
[BlackTeam "Servigar Binissalem"]
[WhiteTeamCountry "ESP"]
[BlackTeamCountry "ESP"]

1. d4 d5 2. c4 c6 3. Nf3 Nf6 4. Nc3 a6 5. c5 g6 6. Bf4 Bg7 7. h3 O-O 8. e3 Bf5
9. Qb3 Ra7 10. Be2 Nbd7 11. O-O h6 12. Bh2 Re8 13. Rad1 Ne4 14. Nxe4 Bxe4 15.
Ne5 1/2-1/2

[Event "Cto. España CECLUB 1ª División Grupo A"]
[Site "Barberá del Vallés (ESP)"]
[Date "2009.08.11"]
[Round "1.1"]
[White "Bellon Lopez, Juan Manuel"]
[Black "Lafuente, Pablo"]
[Result "1/2-1/2"]
[WhiteElo "2445"]
[BlackElo "2562"]
[PlyCount "77"]
[EventDate "2009.08.11"]
[EventType "team"]
[EventRounds "3"]
[EventCountry "ESP"]
[Source "Arranz, Pablo"]
[SourceDate "2009.08.11"]
[WhiteTeam "Servigar Binissalem"]
[BlackTeam "Cerdanyolas del Valles"]
[WhiteTeamCountry "ESP"]
[BlackTeamCountry "ESP"]

1. d4 d5 2. Nf3 e6 3. c4 Nf6 4. Nc3 Be7 5. Bg5 h6 6. Bh4 O-O 7. e3 b6 8. Qc2
Bb7 9. Bxf6 Bxf6 10. cxd5 exd5 11. g4 c5 12. O-O-O cxd4 13. exd4 Nc6 14. h4 g6
15. g5 hxg5 16. hxg5 Bxg5+ 17. Kb1 Qf6 18. Nxg5 Qxg5 19. a3 Rad8 20. Bb5 Kg7
21. Ne2 Qf6 22. Rhg1 Rh8 23. Bd3 Bc8 24. f4 Ne7 25. Qc7 Bf5 26. Qxa7 Rh2 27.
Ng3 Bxd3+ 28. Rxd3 Nf5 29. Ka2 Rd6 30. Qb8 Re6 31. Rd2 Rh8 32. Nxf5+ Qxf5 33.
Qc7 Rh5 34. Rc1 Rh3 35. Rcc2 Rh1 36. Qb8 Rh8 37. Qc7 Rh1 38. Qb8 Rh8 39. Qc7
1/2-1/2

[Event "Cto. España CECLUB 1ª División Grupo A"]
[Site "Barberá del Vallés (ESP)"]
[Date "2009.08.11"]
[Round "1.1"]
[White "Del Rey, Diego"]
[Black "Mascaro March, Pedro"]
[Result "1-0"]
[WhiteElo "2420"]
[BlackElo "2382"]
[PlyCount "65"]
[EventDate "2009.08.11"]
[EventType "team"]
[EventRounds "3"]
[EventCountry "ESP"]
[Source "Arranz, Pablo"]
[SourceDate "2009.08.11"]
[WhiteTeam "Cerdanyolas del Valles"]
[BlackTeam "Servigar Binissalem"]
[WhiteTeamCountry "ESP"]
[BlackTeamCountry "ESP"]

1. d4 Nf6 2. Nf3 e6 3. c4 d5 4. Nc3 Be7 5. Bf4 O-O 6. e3 c6 7. Bd3 dxc4 8. Bxc4
Nbd7 9. O-O b5 10. Bd3 Bb7 11. a3 a5 12. Ne5 Nxe5 13. Bxe5 Nd7 14. Bg3 Qb6 15.
Rc1 b4 16. Na4 Qa7 17. Qb3 Rfc8 18. Nc5 Nxc5 19. dxc5 Bxc5 20. Qc2 Be7 21.
Bxh7+ Kh8 22. Bd3 Ba6 23. Be5 Bxd3 24. Qxd3 c5 25. Rc4 Kg8 26. Rg4 f6 27. Qg6
Bf8 28. Qxf6 Qf7 29. Qh4 Rd8 30. f4 Be7 31. Qh6 Bf8 32. h3 Ra7 33. Rf3 1-0

[Event "Cto. España CECLUB 1ª División Grupo A"]
[Site "Barberá del Vallés (ESP)"]
[Date "2009.08.11"]
[Round "1.1"]
[White "Munoz Agullo, Jose Francisco"]
[Black "Baron Isanta, Jose Maria"]
[Result "0-1"]
[WhiteElo "2279"]
[BlackElo "2355"]
[PlyCount "66"]
[EventDate "2009.08.11"]
[EventType "team"]
[EventRounds "3"]
[EventCountry "ESP"]
[Source "Arranz, Pablo"]
[SourceDate "2009.08.11"]
[WhiteTeam "Servigar Binissalem"]
[BlackTeam "Cerdanyolas del Valles"]
[WhiteTeamCountry "ESP"]
[BlackTeamCountry "ESP"]

1. d4 d6 2. e4 Nf6 3. Nc3 c6 4. Bg5 g6 5. Qd2 h6 6. Be3 Ng4 7. Bf4 Nd7 8. Be2
Nb6 9. h3 Nf6 10. Nf3 Bg7 11. g4 Be6 12. O-O-O Nc4 13. Bxc4 Bxc4 14. Rhe1 g5
15. Bg3 Qa5 16. e5 dxe5 17. dxe5 Nd5 18. Nxd5 Qxd2+ 19. Rxd2 Bxd5 20. Nd4 e6
21. b3 h5 22. f4 hxg4 23. hxg4 Rh3 24. Bh2 Bf8 25. Rf2 Bc5 26. Rd1 O-O-O 27.
fxg5 Bf3 28. Rxf3 Rxf3 29. Bg1 Ba3+ 30. Kd2 Rg3 31. Ke2 Rxg1 32. Rxg1 Rxd4 33.
Kf3 Be7 0-1

[Event "Cto. España CECLUB 1ª División Grupo A"]
[Site "Barberá del Vallés (ESP)"]
[Date "2009.08.11"]
[Round "1.2"]
[White "Wojtaszek, Radoslaw"]
[Black "Georgiev, Kiril"]
[Result "1/2-1/2"]
[WhiteElo "2637"]
[BlackElo "2645"]
[PlyCount "182"]
[EventDate "2009.08.11"]
[EventType "team"]
[EventRounds "3"]
[EventCountry "ESP"]
[Source "Arranz, Pablo"]
[SourceDate "2009.08.11"]
[WhiteTeam "Alzira-Alzicapital"]
[BlackTeam "Sestao Naturgas Energía"]
[WhiteTeamCountry "ESP"]
[BlackTeamCountry "ESP"]

1. d4 d5 2. c4 c6 3. Nf3 Nf6 4. Nc3 dxc4 5. a4 Bf5 6. Ne5 Nbd7 7. Nxc4 a5 8.
Ne5 Nb6 9. e3 g6 10. Bd3 Be6 11. O-O Bg7 12. f4 Nfd7 13. Nf3 O-O 14. e4 Nb8 15.
f5 Bc4 16. Bxc4 Nxc4 17. Kh1 c5 18. d5 Nd7 19. Qe1 Nde5 20. Qh4 Ra6 21. Bg5 Re8
22. b3 Nxf3 23. Rxf3 Ne5 24. Rh3 h5 25. Rf1 Qd6 26. Nb5 Qd7 27. Rc3 b6 28. Rg3
Raa8 29. Bf4 Rf8 30. Bg5 Rae8 31. d6 exd6 32. f6 Bh8 33. Bh6 Ng4 34. Bxf8 Rxe4
35. Qg5 Kxf8 36. h3 Re5 37. Qd2 Nxf6 38. Qxd6+ Qxd6 39. Nxd6 Rd5 40. Nc4 Ne4
41. Rgf3 f5 42. Nxb6 Rd2 43. Nc4 Re2 44. Kh2 Bd4 45. h4 Kg7 46. Rd3 Kf6 47.
Rfd1 Bf2 48. Kh3 Be1 49. Kh2 Nf2 50. Rd6+ Kg7 51. Rd7+ Kh6 52. Rxe1 Rxe1 53.
Kg3 Ne4+ 54. Kf3 Rf1+ 55. Ke3 Nf6 56. Rd2 Rb1 57. Nxa5 Ne4 58. Rc2 g5 59. hxg5+
Kxg5 60. Kd3 h4 61. Kc4 Rd1 62. Nc6 Nd2+ 63. Kc3 Ne4+ 64. Kc4 Nd2+ 65. Kxc5
Nxb3+ 66. Kc4 Nd2+ 67. Kc3 Ne4+ 68. Kb2 Rd2 69. Rxd2 Nxd2 70. Kc3 Ne4+ 71. Kd4
Nd2 72. Ke3 Nc4+ 73. Kf3 Nd2+ 74. Kf2 Nc4 75. a5 Kf4 76. a6 Ke4 77. Ne7 Nb6 78.
a7 Na8 79. Ng6 f4 80. Nxh4 Nb6 81. Ng6 Na8 82. Ne7 Nc7 83. Ke2 Na8 84. Nc8 Kd5
85. Kf3 Ke6 86. Kxf4 Kd7 87. Ne7 Kxe7 88. Ke5 Nc7 89. Kf5 Kd7 90. g4 Kc8 91. g5
Kb7 1/2-1/2

[Event "Cto. España CECLUB 1ª División Grupo A"]
[Site "Barberá del Vallés (ESP)"]
[Date "2009.08.11"]
[Round "1.2"]
[White "Moiseenko, Alexander"]
[Black "Macieja, Bartlomiej"]
[Result "1-0"]
[WhiteElo "2682"]
[BlackElo "2612"]
[PlyCount "75"]
[EventDate "2009.08.11"]
[EventType "team"]
[EventRounds "3"]
[EventCountry "ESP"]
[Source "Arranz, Pablo"]
[SourceDate "2009.08.11"]
[WhiteTeam "Sestao Naturgas Energía"]
[BlackTeam "Alzira-Alzicapital"]
[WhiteTeamCountry "ESP"]
[BlackTeamCountry "ESP"]

1. d4 Nf6 2. c4 e6 3. Nf3 d5 4. Nc3 dxc4 5. e4 Bb4 6. Bg5 c5 7. Bxc4 cxd4 8.
Nxd4 Bxc3+ 9. bxc3 Qa5 10. Bb5+ Bd7 11. Bxf6 gxf6 12. Bxd7+ Nxd7 13. O-O a6 14.
Rb1 Nc5 15. Qh5 Qc7 16. Rb4 Qe5 17. Qh6 Qg5 18. Qh3 h5 19. Rc4 Rc8 20. Nb3 b6
21. f4 Qg4 22. Qe3 Rg8 23. Qf2 h4 24. Nxc5 bxc5 25. Ra4 Rc6 26. e5 f5 27. Rb1
h3 28. Rb8+ Kd7 29. Rd4+ Kc7 30. Rxg8 Qxg8 31. Rd1 hxg2 32. Qd2 Qe8 33. h4 Rb6
34. h5 Qe7 35. h6 Rb8 36. c4 Rh8 37. Qa5+ Kc8 38. Rd6 1-0

[Event "Cto. España CECLUB 1ª División Grupo A"]
[Site "Barberá del Vallés (ESP)"]
[Date "2009.08.11"]
[Round "1.2"]
[White "Sanchez Guirado, Francisco"]
[Black "Romero Holmes, Alfonso"]
[Result "1/2-1/2"]
[WhiteElo "2393"]
[BlackElo "2512"]
[PlyCount "134"]
[EventDate "2009.08.11"]
[EventType "team"]
[EventRounds "3"]
[EventCountry "ESP"]
[Source "Arranz, Pablo"]
[SourceDate "2009.08.11"]
[WhiteTeam "Alzira-Alzicapital"]
[BlackTeam "Sestao Naturgas Energía"]
[WhiteTeamCountry "ESP"]
[BlackTeamCountry "ESP"]

1. d4 Nf6 2. c4 g6 3. Nc3 Bg7 4. e4 d6 5. Nf3 O-O 6. Be2 Bg4 7. Be3 c5 8. Qd2
cxd4 9. Nxd4 Bxe2 10. Qxe2 Nfd7 11. Qd2 Nc6 12. f3 Qa5 13. O-O Rfc8 14. b3 Nxd4
15. Bxd4 Bxd4+ 16. Qxd4 Qc5 17. Qxc5 Rxc5 18. Rfc1 Rac8 19. Kf1 a6 20. a4 Rh5
21. h3 Rhc5 22. Rd1 Kf8 23. Ke2 a5 24. Nb5 f5 25. Nd4 Re5 26. g4 Nc5 27. Rab1
fxg4 28. hxg4 h5 29. Rh1 Kf7 30. Rbg1 Kf6 31. Rh4 Rg5 32. Rf1 hxg4 33. fxg4+
Kg7 34. Rfh1 Rg8 35. Nf3 Kf6 36. Nxg5 Kxg5 37. Rh8 Rxh8 38. Rxh8 Nxb3 39. Kd3
Kf6 40. Rb8 Nc5+ 41. Ke3 Nxa4 42. Rxb7 Nc5 43. Ra7 a4 44. Kd4 Ne6+ 45. Kd5 Nf4+
46. Kc6 Nd3 47. Rxa4 Ne5+ 48. Kd5 Nxg4 49. Ra3 Ne5 50. Ra1 e6+ 51. Kd4 Nc6+ 52.
Ke3 Ne5 53. Rf1+ Ke7 54. Rc1 g5 55. c5 dxc5 56. Rxc5 Kf6 57. Rc8 Kf7 58. Rc1
Ng6 59. Rg1 Kf6 60. Kd4 Nf4 61. Rf1 e5+ 62. Kc5 g4 63. Kd6 g3 64. Rh1 Ne2 65.
Rf1+ Kg5 66. Kxe5 g2 67. Ra1 g1=Q 1/2-1/2

[Event "Cto. España CECLUB 1ª División Grupo A"]
[Site "Barberá del Vallés (ESP)"]
[Date "2009.08.11"]
[Round "1.2"]
[White "Gomez Esteban, Juan Mario"]
[Black "Ibanez Aullana, Jose Ramon"]
[Result "0-1"]
[WhiteElo "2478"]
[BlackElo "2273"]
[PlyCount "92"]
[EventDate "2009.08.11"]
[EventType "team"]
[EventRounds "3"]
[EventCountry "ESP"]
[Source "Arranz, Pablo"]
[SourceDate "2009.08.11"]
[WhiteTeam "Sestao Naturgas Energía"]
[BlackTeam "Alzira-Alzicapital"]
[WhiteTeamCountry "ESP"]
[BlackTeamCountry "ESP"]

1. d4 d5 2. c4 c6 3. Nf3 Nf6 4. Qc2 dxc4 5. Qxc4 Qd5 6. Qa4 Bf5 7. Nc3 Qd8 8.
g3 h6 9. Bg2 e6 10. O-O Nbd7 11. Re1 b5 12. Qb3 b4 13. e4 Bh7 14. e5 Nd5 15.
Ne4 Be7 16. Bd2 O-O 17. Rac1 Qb6 18. Qc4 Rac8 19. Nc5 Rfd8 20. h4 a5 21. Nh2
Qa7 22. Ng4 Nxc5 23. dxc5 Rb8 24. Be4 Bxe4 25. Rxe4 h5 26. Nh2 Rb5 27. Qe2 Rxc5
28. Qxh5 Nf6 29. exf6 Rxh5 30. fxe7 Qxe7 31. Be3 Rhd5 32. Kg2 Rd1 33. Rc5 R8d5
34. Rxc6 Qb7 35. Rb6 Qa8 36. Nf3 Rf5 37. Rf4 Qd5 38. Rxf5 exf5 39. a3 bxa3 40.
bxa3 f6 41. a4 Qd3 42. Nh2 Qe4+ 43. Kh3 Qxa4 44. h5 Rh1 45. h6 Qd1 46. Kg2 Rg1+
0-1

[Event "Cto. España CECLUB 1ª División Grupo A"]
[Site "Barberá del Vallés (ESP)"]
[Date "2009.08.12"]
[Round "2.1"]
[White "Burmakin, Vladimir"]
[Black "Georgiev, Kiril"]
[Result "1/2-1/2"]
[WhiteElo "2627"]
[BlackElo "2645"]
[PlyCount "89"]
[EventDate "2009.08.11"]
[EventType "team"]
[EventRounds "3"]
[EventCountry "ESP"]
[Source "Arranz, Pablo"]
[SourceDate "2009.08.11"]
[WhiteTeam "Servigar Binissalem"]
[BlackTeam "Sestao Naturgas Energía"]
[WhiteTeamCountry "ESP"]
[BlackTeamCountry "ESP"]

1. d4 Nf6 2. Nf3 g6 3. c4 Bg7 4. Nc3 d5 5. e3 O-O 6. Qb3 e6 7. Be2 b6 8. O-O
Bb7 9. Rd1 Nbd7 10. cxd5 Nxd5 11. Na4 Qe7 12. Bd2 Rfc8 13. Rac1 c5 14. dxc5
Nxc5 15. Nxc5 Rxc5 16. Rxc5 Qxc5 17. Ne1 Rc8 18. e4 Nf6 19. Be3 Qe7 20. f3 Rc7
21. Qd3 Rd7 22. Qc2 Rxd1 23. Qxd1 Nd7 24. Bd4 Ne5 25. Bc3 h5 26. Nd3 Nc6 27.
Bxg7 Kxg7 28. Qc1 Nd4 29. Bf1 e5 30. Qc3 f6 31. a3 Qd6 32. Nb4 a5 33. Nc2 Ne6
34. Ne3 Bc6 35. Bc4 Nd4 36. Kf2 a4 37. Bd5 Bd7 38. Nc2 Ne6 39. Nb4 h4 40. Nd3
Bb5 41. Bxe6 Qxe6 42. Qc7+ Qd7 43. Qxd7+ Bxd7 44. g3 hxg3+ 45. hxg3 1/2-1/2

[Event "Cto. España CECLUB 1ª División Grupo A"]
[Site "Barberá del Vallés (ESP)"]
[Date "2009.08.12"]
[Round "2.1"]
[White "Moiseenko, Alexander"]
[Black "Bellon Lopez, Juan Manuel"]
[Result "1/2-1/2"]
[WhiteElo "2682"]
[BlackElo "2445"]
[PlyCount "73"]
[EventDate "2009.08.11"]
[EventType "team"]
[EventRounds "3"]
[EventCountry "ESP"]
[Source "Arranz, Pablo"]
[SourceDate "2009.08.11"]
[WhiteTeam "Sestao Naturgas Energía"]
[BlackTeam "Servigar Binissalem"]
[WhiteTeamCountry "ESP"]
[BlackTeamCountry "ESP"]

1. d4 d5 2. c4 c6 3. Nc3 Nf6 4. e3 e6 5. Nf3 a6 6. b3 Bb4 7. Bd2 Nbd7 8. Bd3
O-O 9. O-O Bd6 10. Rc1 Re8 11. e4 dxc4 12. bxc4 e5 13. d5 cxd5 14. cxd5 Nc5 15.
Bg5 h6 16. Bh4 b5 17. Re1 Bd7 18. Qd2 Rc8 19. Bb1 Qe7 20. Ne2 Na4 21. Rxc8 Rxc8
22. Rc1 Rxc1+ 23. Qxc1 Kh7 24. h3 Qe8 25. Bxf6 gxf6 26. Nh2 Qg8 27. Qe3 Bc5 28.
Qf3 Qg5 29. Ng4 Kg6 30. Ng3 b4 31. Bd3 Nc3 32. Bc4 Qc1+ 33. Bf1 Qf4 34. Qxf4
exf4 35. Nh5 Nxe4 36. Nxf4+ Kg5 37. Nd3 1/2-1/2

[Event "Cto. España CECLUB 1ª División Grupo A"]
[Site "Barberá del Vallés (ESP)"]
[Date "2009.08.12"]
[Round "2.1"]
[White "Mascaro March, Pedro"]
[Black "Romero Holmes, Alfonso"]
[Result "0-1"]
[WhiteElo "2382"]
[BlackElo "2512"]
[PlyCount "68"]
[EventDate "2009.08.11"]
[EventType "team"]
[EventRounds "3"]
[EventCountry "ESP"]
[Source "Arranz, Pablo"]
[SourceDate "2009.08.11"]
[WhiteTeam "Servigar Binissalem"]
[BlackTeam "Sestao Naturgas Energía"]
[WhiteTeamCountry "ESP"]
[BlackTeamCountry "ESP"]

1. d4 Nf6 2. c4 g6 3. Nc3 Bg7 4. e4 d6 5. Be2 O-O 6. Nf3 Bg4 7. Be3 Nfd7 8. Rc1
a5 9. h3 Bxf3 10. Bxf3 c5 11. d5 a4 12. a3 Nb6 13. Be2 N8d7 14. f4 Re8 15. O-O
e6 16. dxe6 Rxe6 17. e5 dxe5 18. f5 gxf5 19. Rxf5 e4 20. Nd5 Re5 21. Rxe5 Nxe5
22. Bxc5 Nxd5 23. cxd5 Qg5 24. Kh1 Nd3 25. Bxd3 exd3 26. d6 h5 27. Bb6 Qd5 28.
Bc7 Re8 29. Qxa4 b5 30. Qb4 d2 31. Rd1 Re2 32. Qf4 h4 33. Qg4 Re1+ 34. Kh2 Qe5+
0-1

[Event "Cto. España CECLUB 1ª División Grupo A"]
[Site "Barberá del Vallés (ESP)"]
[Date "2009.08.12"]
[Round "2.1"]
[White "Gomez Esteban, Juan Mario"]
[Black "Munoz Agullo, Jose Francisco"]
[Result "1-0"]
[WhiteElo "2478"]
[BlackElo "2279"]
[PlyCount "117"]
[EventDate "2009.08.11"]
[EventType "team"]
[EventRounds "3"]
[EventCountry "ESP"]
[Source "Arranz, Pablo"]
[SourceDate "2009.08.11"]
[WhiteTeam "Sestao Naturgas Energía"]
[BlackTeam "Servigar Binissalem"]
[WhiteTeamCountry "ESP"]
[BlackTeamCountry "ESP"]

1. d4 Nf6 2. Nf3 d5 3. c4 e6 4. Nc3 Be7 5. Bf4 O-O 6. e3 c5 7. dxc5 Bxc5 8.
cxd5 Nxd5 9. Nxd5 exd5 10. a3 Nc6 11. Bd3 Bd6 12. Bxd6 Qxd6 13. O-O Qf6 14. Qb3
Rd8 15. Rac1 Bg4 16. Be2 Rd7 17. Rfd1 Rad8 18. h3 Bh5 19. Rc5 Bxf3 20. Bxf3 d4
21. Bxc6 bxc6 22. Rxd4 Rxd4 23. exd4 g6 24. Qc3 Rxd4 25. Rxc6 Qe5 26. Rc8+ Kg7
27. Rd8 Re4 28. Qxe5+ Rxe5 29. Kf1 a5 30. Rd4 Kf6 31. b4 axb4 32. axb4 Ke6 33.
g4 h5 34. f3 hxg4 35. hxg4 f5 36. Kf2 fxg4 37. Rxg4 Kf6 38. Rf4+ Kg5 39. Rc4
Re6 40. b5 Kf5 41. Rc5+ Kf4 42. Rc6 Re5 43. Rc4+ Kf5 44. Rb4 Re7 45. b6 Rb7 46.
Kg3 Kg5 47. Rb5+ Kf6 48. Kf4 Kf7 49. Kg5 Kg7 50. f4 Kf7 51. Kg4 Kf6 52. Kf3 Ke6
53. Ke4 Kd6 54. Rg5 Re7+ 55. Kf3 Re6 56. Rb5 Re8 57. b7 Rb8 58. Kg4 Kc6 59. Rb1
1-0

[Event "Cto. España CECLUB 1ª División Grupo A"]
[Site "Barberá del Vallés (ESP)"]
[Date "2009.08.12"]
[Round "2.2"]
[White "Peralta, Fernando"]
[Black "Wojtaszek, Radoslaw"]
[Result "1-0"]
[WhiteElo "2574"]
[BlackElo "2637"]
[PlyCount "41"]
[EventDate "2009.08.11"]
[EventType "team"]
[EventRounds "3"]
[EventCountry "ESP"]
[Source "Arranz, Pablo"]
[SourceDate "2009.08.11"]
[WhiteTeam "Cerdanyolas del Valles"]
[BlackTeam "Alzira-Alzicapital"]
[WhiteTeamCountry "ESP"]
[BlackTeamCountry "ESP"]

1. d4 Nf6 2. c4 e6 3. Nc3 Bb4 4. e3 O-O 5. Bd3 c5 6. Nf3 d5 7. O-O dxc4 8. Bxc4
Nbd7 9. Qe2 a6 10. a3 Ba5 11. Bd3 b5 12. b4 cxd4 13. exd4 Bc7 14. a4 bxa4 15.
Nxa4 Bd6 16. Nc5 Qb6 17. Ne5 Qxb4 18. Ba3 Qxd4 19. Ncxd7 Nxd7 20. Nf3 Qb6 21.
Rfb1 1-0

[Event "Cto. España CECLUB 1ª División Grupo A"]
[Site "Barberá del Vallés (ESP)"]
[Date "2009.08.12"]
[Round "2.2"]
[White "Macieja, Bartlomiej"]
[Black "Lafuente, Pablo"]
[Result "1-0"]
[WhiteElo "2612"]
[BlackElo "2562"]
[PlyCount "68"]
[EventDate "2009.08.11"]
[EventType "team"]
[EventRounds "3"]
[EventCountry "ESP"]
[Source "Arranz, Pablo"]
[SourceDate "2009.08.11"]
[WhiteTeam "Alzira-Alzicapital"]
[BlackTeam "Cerdanyolas del Valles"]
[WhiteTeamCountry "ESP"]
[BlackTeamCountry "ESP"]

1. e4 c6 2. d4 d5 3. Nc3 dxe4 4. Nxe4 Bf5 5. Ng3 Bg6 6. h4 h6 7. Nf3 Nd7 8. h5
Bh7 9. Bd3 Bxd3 10. Qxd3 e6 11. Bf4 Qa5+ 12. Bd2 Bb4 13. c3 Be7 14. c4 Qc7 15.
O-O-O Ngf6 16. Rhe1 O-O 17. Nf5 exf5 18. Rxe7 Qd8 19. Re2 Ne4 20. Kb1 Re8 21.
Bc1 Qb6 22. Rde1 Rad8 23. Qc2 Ndf6 24. Nh4 Qa5 25. c5 Rxd4 26. Nxf5 Ra4 27. a3
Re5 28. g4 Rxc5 29. Qd3 Rac4 30. f3 Rc3 31. bxc3 Nxc3+ 32. Ka1 Nxe2 33. Qxe2
Nd5 34. Bb2 Nb6 1-0

[Event "Cto. España CECLUB 1ª División Grupo A"]
[Site "Barberá del Vallés (ESP)"]
[Date "2009.08.12"]
[Round "2.2"]
[White "Del Rey, Diego"]
[Black "Sanchez Guirado, Francisco"]
[Result "1-0"]
[WhiteElo "2420"]
[BlackElo "2393"]
[PlyCount "89"]
[EventDate "2009.08.11"]
[EventType "team"]
[EventRounds "3"]
[EventCountry "ESP"]
[Source "Arranz, Pablo"]
[SourceDate "2009.08.11"]
[WhiteTeam "Cerdanyolas del Valles"]
[BlackTeam "Alzira-Alzicapital"]
[WhiteTeamCountry "ESP"]
[BlackTeamCountry "ESP"]

1. d4 Nf6 2. c4 e6 3. Nc3 Bb4 4. Qb3 c5 5. dxc5 Nc6 6. Nf3 O-O 7. a3 Bxc5 8.
Bg5 d5 9. cxd5 exd5 10. Bxf6 Qxf6 11. Nxd5 Qf5 12. Qc4 b6 13. e4 Re8 14. Bd3
Qg6 15. O-O Bh3 16. Nf4 Be6 17. Qxc5 bxc5 18. Nxg6 hxg6 19. Rac1 Bg4 20. Bb5
Rac8 21. Rxc5 Bxf3 22. gxf3 Nd4 23. Rfc1 Rxc5 24. Rxc5 Rb8 25. Bc4 Rxb2 26.
Rc8+ Kh7 27. Bxf7 Nxf3+ 28. Kg2 Ne5 29. Bg8+ Kh6 30. Kg3 g5 31. Rc3 Rd2 32. f4
Ng6 33. f5 Nh4 34. Kh3 g6 35. f6 Rf2 36. e5 Kh5 37. Be6 Rf4 38. Bg4+ Kh6 39.
Rc1 Kh7 40. Rc7+ Kh6 41. f7 Kg7 42. e6 Re4 43. Kg3 Nf5+ 44. Bxf5 gxf5 45. Rc8
1-0